000 01045nam a22003257a 4500
003 CHAP
005 20220329140531.0
008 971013s1979 r 00010 d
010 _a53500
011 _a54472
035 _a58623
040 _cCHAP
090 _aFolleto 9446
100 0 0 _aWendelaar, F. E.
_9121470
245 _aRecording soil loss and run-off from 300 m2 erosion research field-plots
260 _aSalisbury, Rhodesia :
_bDepartment of Conservation and Extension,
_c1979
300 _a50 p.
_b: ilus.
490 _aResearch bulletin
_v; 24
590 _aBATCH-UPD
_b10
_c20130110
_lUCH01
_h0609
590 _aBATCH-UPD
_b10
_c20130110
_lUCH01
_h2247
590 _aBATCH-UPD
_b10
_c20130410
_lUCH01
_h0251
590 _aBATCH-UPD
_b10
_c20130914
_lUCH01
_h1316
590 _aCONVERSION
_b10
_c20130109
_lUCH01
_h1329
650 1 4 _aErosión.
_937335
650 1 4 _aEscurrimiento.
_937675
830 0 _aResearch bulletin
_v; 24
_996062
901 _aBK
942 _cFOLL
949 _aFolleto 9446
_bBC
_cFOLL
_d-127174
_eTS1
_i58623
_si
999 _c53500
_d53500